Simbolizando el sufrimiento, anudando orígenes: estudio exploratorio desde la visión de las profesionales que acompañan y dan tratamiento a niños abandonados y cedidos en adopción

Los niños(as) que residen en casas de acogida de nuestro país, esperando ser adoptados, o bajo protección del Estado, no cuentan con una figura de apego estable en el tiempo: ven satisfechas sus necesidades fisiológicas en detrimento de sus necesidades afectivas, lo cual puede tener consecuencias en...

Descripción completa

Detalles Bibliográficos
Autor principal: Fernández Barrios, Ebys
Otros Autores: Riquelme Riquelme, Laura, Biénzobas Gwynn, Carolina (profesor guía)
Formato: Tesis
Lenguaje:español
Publicado: Santiago, Chile : Universidad Academia de Humanismo Cristiano, 2018.
Materias:

MARC

LEADER 00000cmm a2200000 a 4500
001 000336
003 UAHC_CL
005 20181126165038.0
008 170906s2018 cl 000 spa
952 |0 0  |1 0  |2 ddc  |4 0  |6 TPSICO_747_000000000000000  |7 0  |8 COMP  |9 90797  |a BC  |b BC  |c Referencia  |d 2018-10-19  |l 0  |o TPSICO 747  |p 4191  |r 2019-01-02 00:00:00  |w 2018-10-19  |y TS  |B PSI 
999 |c 51292  |d 51292 
040 |a UAHC_CL  |c UAHC_CL  |d UAHC_CL 
100 |a Fernández Barrios, Ebys  |9 5258 
245 1 0 |a Simbolizando el sufrimiento, anudando orígenes:  |c Ebys Fernández, Laura Riquelme; profesor guía Carolina Biénzobas.  |b estudio exploratorio desde la visión de las profesionales que acompañan y dan tratamiento a niños abandonados y cedidos en adopción 
260 |b Universidad Academia de Humanismo Cristiano,  |c 2018.  |a Santiago, Chile : 
300 |a 1 cd rom 
500 |a Tesis para optar al título de psicólogo y al grado de Licenciado en Psicología. 
502 |a Tesis (Psicólogo) -- Universidad Academia de Humanismo Cristiano, 2018. 
516 |a Tesis electrónica (PDF) 
520 |a Los niños(as) que residen en casas de acogida de nuestro país, esperando ser adoptados, o bajo protección del Estado, no cuentan con una figura de apego estable en el tiempo: ven satisfechas sus necesidades fisiológicas en detrimento de sus necesidades afectivas, lo cual puede tener consecuencias en su salud integral a futuro. Dicha problemática se contempla como una vulneración de derechos, en cuanto no se cumplen algunos artículos estipulados en la Convención de los Derechos del Niño. La investigación está enmarcada en la teoría psicoanalítica y teoría del apego para aproximarse al fenómeno del abandono y sus concomitantes, como pueden ser la depresión anaclítica u hospitalismo. El objetivo consistió en explorar la percepción de cuidadoras temporales especializadas sobre los efectos del tratamiento psicológico individual, en lactantes abandonados en hospitales, obtenido a partir de entrevistas semi estructuradas y análisis por categorías. Se exploran cuatro casos de lactantes que son parte del programa de acompañamiento de cuidadoras especializadas, cuidadoras que cumplen el rol de figura vincular. Como resultado las entrevistadas han expuesto su percepción acerca de su experiencia de acompañamiento, y los contrastes con aquellos lactantes que no poseen una cuidadora estable. Se concluye que el programa de cuidadoras especializadas representa una diferencia para niños(as) que resultan beneficiados con esta figura significativa, rol primordial en fases tempranas del desarrollo. Si estas condiciones pudieran replicarse a nivel macro social, se implementaría un importante dispositivo preventivo en términos de salud mental infantil. 
650 0 |9 1164  |a  Desarrollo infantil  |x Aspectos sociales  |z Chile 
650 0 |9 5640  |a Derechos del niño  |z Chile 
700 |9 5259  |a Riquelme Riquelme, Laura 
700 |9 5260  |a Biénzobas Gwynn, Carolina  |e profesor guía 
900 |a TPSICO 747 
942 |c TS  |2 ddc